000 00324nmm a2200145 a 4500
003 AR-X00000XY
005 20251128212011.0
008 107020n ||||||||||||||000 | spa||
040 _cAR-X00000XY
245 1 0 _aSchatzkammer Deutschland
260 _aMünchen
300 0 _a48 p.
_bil.
942 _cBK
998 _cmartin
999 _c22005
_d22005